000 00723nam a2200181Ia 4500
008 090123s9999 xx 000 0 und d
082 _b10636
100 _aगाडगीळ अमरेंद्र लक्ष्मण
245 _aकोणा एका नदिच्या काठी
250 _a1
260 _bवोरा अॅन्ड कंपनी
_c1982
300 _a78
600 _aगाडगीळ अमरेंद्र लक्ष्मण
630 _aकोणा एका नदिच्या काठी
700 _aगाडगीळ अमरेंद्र लक्ष्मण
730 _aकोणा एका नदिच्या काठी
942 _cBOOK
999 _c48702
_d48702